000 00708nam a22001937a 4500
999 _c158308
_d158308
005 20181025103749.0
010 _aENG-124362
020 _c795.00
_a9789352807741
035 _a EN-107894
037 _bDBAD/PUB.
082 _a362.4048
100 _aChakravarti, Upali
245 _aDisbility and care work:
_cby Upali Chakravarti
_bstate, society and invisible lives /
260 _aNew Delhi
_bSage Publications India Pvt. Ltd.
_c2018
270 _aB1/I-1, Mohan Cooperative Industrial Area Mathura Road Post Bag 7
_bNew Delhi
_e110044
300 _axi,220p.
_c21cm.(Hb)
500 _aIt includes appendix, bibliography, index and about the author
942 _2ddc
_cEN
_mCHA
_h362.4048